| 000 | 00958nam a2200241 i 4500 | ||
|---|---|---|---|
| 001 | 134199 | ||
| 003 | ES-MaACL | ||
| 005 | 20230906194624.0 | ||
| 007 | t| | ||
| 008 | 070906q19201925sp ||||1| spa d | ||
| 245 | 0 | 4 |
_aLos grandes cuentistas polacos / _cversión directa del polaco de M. Paszkiewiez y B.Jarnés. |
| 260 |
_aMadrid : _bBiblioteca Patria, _c[192-?] |
||
| 300 |
_a139 p. ; _c17 cm. |
||
| 490 | 1 |
_aBiblioteca Patria de obras premiadas ; _v241 |
|
| 505 | 8 | _aContiene: En la tormenta / Josef Werssenhoff -- Mosen Pedro / Kazimierz Przerva-Tetmayer -- El juramento ; A retaguardia ; El sacramento / Wladislav St. Reymont | |
| 700 | 1 |
_aWeyssenhoff, Jósef. _9116609 |
|
| 700 | 1 |
_aPrzerwa Tetmayer, Kazimierz. _994096 |
|
| 700 | 1 |
_aSt. Reymont, Wladyrlaw. _9107831 |
|
| 700 | 1 |
_aPaszkiewiez, M. _989544 |
|
| 830 | 0 |
_aBiblioteca Patria de obras premiadas ; _v241 _9184512 |
|
| 852 |
_aES-MaACL _jF-5374 _bR.4880 |
||
| 999 |
_c134199 _d134199 |
||